000
00285nam a22001217a 4500
040
_c
HS
082
_a
338
100
_a
KEN A. INGERSENT
245
_a
Agricultural policy in Western Europe and the United States
260
_a
UK
_b
KEN A. INGERSENT
_c
1999
300
_a
450p;
942
_c
EK
999
_c
9105
_d
9105